| 000 | 00713nam a2200205 a 4500 | ||
|---|---|---|---|
| 005 | 20210223125941.0 | ||
| 008 | 060602s2000 mx r 000 0 spa d | ||
| 020 | _a9584100963 | ||
| 035 | _aUPN01000145085 | ||
| 049 | _aCG | ||
| 050 | 4 |
_aHF5439.8 _bS2.2 |
|
| 100 | 1 | _aSalazar Treviño, Gilberto | |
| 245 | 1 | 0 |
_aCoaching en acción : _bcómo desarrollar equipos de ventas de alta competitividad / _cGilberto Salazar Treviño, Mauricio Molano Camacho. |
| 260 |
_aSantafé de Bogotá : _bMcGraw Hill, _c2000. |
||
| 300 |
_a152 p. : _bfigs., gráfs. |
||
| 650 | 4 |
_aPERSONAL DE VENTAS - _xCAPACITACION |
|
| 650 | 4 |
_aVENTAS - _xADMINISTRACION _96553 |
|
| 700 | 1 |
_aMolano Camacho, Mauricio, _ecoaut. |
|
| 905 | _aLibro | ||
| 999 |
_c117232 _d117232 |
||